SOLID MECHANICS (Record no. 18314)
[ view plain ]
| 000 -LEADER | |
|---|---|
| fixed length control field | 00350nam a22001577a 4500 |
| 003 - CONTROL NUMBER IDENTIFIER | |
| control field | SGT |
| 020 ## - INTERNATIONAL STANDARD BOOK NUMBER | |
| International Standard Book Number | 9780074517154 |
| 082 ## - DEWEY DECIMAL CLASSIFICATION NUMBER | |
| Classification number | 620.105,KAZ |
| 100 ## - MAIN ENTRY--PERSONAL NAME | |
| Personal name | KAZIMI,SMS |
| 245 ## - TITLE STATEMENT | |
| Title | SOLID MECHANICS |
| 250 ## - EDITION STATEMENT | |
| Edition statement | 1ST |
| 260 ## - PUBLICATION, DISTRIBUTION, ETC. (IMPRINT) | |
| Place of publication, distribution, etc | NEW DELHI |
| Name of publisher, distributor, etc | MC GRAW HILL EDUCATION |
| Year of Publication | 2016 |
| 300 ## - PAGE DESCRIPTION | |
| No. of Pages | 448 |
| 650 ## - SUBJECT ADDED ENTRY--TOPICAL TERM | |
| Topical term or geographic name as entry element | MECHANICAL ENGINEERING |
| 942 ## - ADDED ENTRY ELEMENTS (KOHA) | |
| Source of classification or shelving scheme | Dewey Decimal Classification |
| Koha item type | Books |
| Withdrawn status | Lost status | Source of classification or shelving scheme | Damaged status | Not for loan | Collection code | Home library | Current library | Shelving location | Date acquired | Vendor Name | Cost, normal purchase price | SGTU | Bill Number | Total Checkouts | Full call number | Accession No. (Barcode) | Date last seen | Bill Date | Koha item type |
|---|---|---|---|---|---|---|---|---|---|---|---|---|---|---|---|---|---|---|---|
| Dewey Decimal Classification | ENGINEERING | SGT Engineering Library | SGT Engineering Library | Text Book | 17/06/2019 | KIRTI PRAKASHAN | 885.00 | SGTU | IN3557 | 620.105,KAZ | FE7367 | 17/06/2019 | 09/04/2019 | Books | |||||
| Dewey Decimal Classification | ENGINEERING | SGT Engineering Library | SGT Engineering Library | Text Book | 17/06/2019 | KIRTI PRAKASHAN | 885.00 | SGTU | IN3557 | 620.105,KAZ | FE7368 | 17/06/2019 | 09/04/2019 | Books | |||||
| Dewey Decimal Classification | ENGINEERING | SGT Engineering Library | SGT Engineering Library | Text Book | 17/06/2019 | KIRTI PRAKASHAN | 885.00 | SGTU | IN3557 | 620.105,KAZ | FE7369 | 17/06/2019 | 09/04/2019 | Books | |||||
| Dewey Decimal Classification | ENGINEERING | SGT Engineering Library | SGT Engineering Library | Text Book | 17/06/2019 | KIRTI PRAKASHAN | 885.00 | SGTU | IN3557 | 620.105,KAZ | FE7370 | 17/06/2019 | 09/04/2019 | Books |